[Event "Collado Villalba op-B 36th"]
[Site "Collado Villalba"]
[Date "2019.08.30"]
[Round "8"]
[White "Bon Ibanez, Alejandro"]
[Black "Minguez Greciano, Iluminada"]
[Result "1/2-1/2"]
[WhiteElo "1813"]
[BlackElo "1818"]
[PlyCount "81"]
[EventDate "2019.08.23"]
[EventType "swiss"]
[EventRounds "9"]
[EventCountry "ESP"]
[SourceTitle "CBM 192 Extra"]
[Source "Chessbase"]
[SourceDate "2019.11.06"]
[SourceVersion "1"]
[SourceVersionDate "2019.11.06"]
[SourceQuality "1"]

1. e4 c6 2. Nf3 d5 3. Nc3 Nf6 4. exd5 cxd5 5. d4 Bg4 6. h3 Bxf3 7. Qxf3 e6 8. Bg5 Be7 9. Bd3 Nc6 10. Ne2 Qb6 11. c3 a5 12. a4 0-0 13. 0-0 Qc7 14. Bc2 Rac8 15. Rac1 Qd8 16. Ng3 Ne8 17. Qd3 g6 18. Bxe7 Nxe7 19. h4 Nd6 20. h5 Nef5 21. hxg6 hxg6 22. Nxf5 Nxf5 23. Qf3 Ne7 24. Rfe1 Kg7 25. Qf4 Nc6 26. Re3 Rh8 27. Rf3 Qe7 28. Re1 Rh4 29. Qd2 Rch8 30. Kf1 Rh1+ 31. Ke2 Rxe1+ 32. Kxe1 Rh5 33. g3 Qg5 34. Qxg5 Rxg5 35. Kf1 Rh5 36. Kg2 Ne7 37. Bd3 Nc8 38. Re3 Nd6 39. b3 Rh8 40. Re1 Kf6 41. Rc1 1/2-1/2

[Event "Collado Villalba op-B 36th"]
[Site "Collado Villalba"]
[Date "2019.08.28"]
[Round "6"]
[White "Enriquez Pastor, Jorge"]
[Black "Bon Ibanez, Alejandro"]
[Result "0-1"]
[WhiteElo "1425"]
[BlackElo "1813"]
[PlyCount "105"]
[EventDate "2019.08.23"]
[EventType "swiss"]
[EventRounds "9"]
[EventCountry "ESP"]
[SourceTitle "CBM 192 Extra"]
[Source "Chessbase"]
[SourceDate "2019.11.06"]
[SourceVersion "1"]
[SourceVersionDate "2019.11.06"]
[SourceQuality "1"]

1. e4 c5 2. c4 g6 3. Ne2 Nc6 4. d4 cxd4 5. Nxd4 Bg7 6. Be3 Nf6 7. f3 0-0 8. Nc3 a6 9. Rc1 d6 10. Be2 Bd7 11. 0-0 e6 12. Bf2 Qc7 13. Nb3 Ne7 14. Bg3 e5 15. Bf2 Rad8 16. Nd5 Nexd5 17. cxd5 Qb8 18. Bb6 Rc8 19. Qd2 Rxc1 20. Rxc1 Rc8 21. Rc3 Ne8 22. Qc1 Rxc3 23. Qxc3 Bf6 24. Na5 Bd8 25. Bxd8 Qxd8 26. Nxb7 Qb6+ 27. Nc5 a5 28. Kf1 Qxc5 29. Qxc5 dxc5 30. b3 a4 31. Ke1 axb3 32. axb3 Nd6 33. Kd2 Kf8 34. Kc3 Ke7 35. Bd3 f5 36. Bc2 Bb5 37. Kd2 Bf1 38. g3 Bg2 39. Ke3 fxe4 40. fxe4 Bxe4 41. Bxe4 Nxe4 42. Kxe4 Kd6 43. g4 g5 44. Kd3 Kxd5 45. Kc3 e4 46. Kc2 Kd4 47. Kd2 e3+ 48. Kc2 Ke4 49. Kd1 Kf3 50. Ke1 Kxg4 51. h3+ Kf3 52. Kf1 e2+ 53. Ke1 0-1

[Event "Collado Villalba op-B 36th"]
[Site "Collado Villalba"]
[Date "2019.08.24"]
[Round "2"]
[White "Bon Ibanez, Alejandro"]
[Black "Villodre Miranda, Juan Alonso"]
[Result "1/2-1/2"]
[WhiteElo "1813"]
[BlackElo "1672"]
[PlyCount "100"]
[EventDate "2019.08.23"]
[EventType "swiss"]
[EventRounds "9"]
[EventCountry "ESP"]
[SourceTitle "CBM 192 Extra"]
[Source "Chessbase"]
[SourceDate "2019.11.06"]
[SourceVersion "1"]
[SourceVersionDate "2019.11.06"]
[SourceQuality "1"]

1. e4 e5 2. Nf3 d6 3. d4 exd4 4. Nxd4 Nf6 5. Nc3 Be7 6. Bc4 a6 7. a4 0-0 8. 0-0 c6 9. h3 d5 10. exd5 Nxd5 11. Nxd5 cxd5 12. Bd3 Bf6 13. c3 g6 14. Bh6 Bg7 15. Bxg7 Kxg7 16. Re1 Nc6 17. Nf3 h6 18. Bc2 Be6 19. Qd2 Qd7 20. Rad1 Rad8 21. Qf4 Qd6 22. Qe3 Qe7 23. b4 d4 24. Nxd4 Nxd4 25. Rxd4 Rxd4 26. Qxd4+ Qf6 27. Qxf6+ Kxf6 28. Be4 b6 29. Bd3 Rc8 30. Rc1 Bc4 31. Bxc4 Rxc4 32. Kf1 a5 33. Rb1 Ke6 34. Ke2 Rxc3 35. bxa5 bxa5 36. Rb5 Rc2+ 37. Ke3 Ra2 38. Rxa5 f6 39. Ra8 h5 40. a5 Kf5 41. a6 Ra3+ 42. Kd4 Ra2 43. a7 g5 44. f3 Kf4 45. Rf8 Rxa7 46. Rxf6+ Kg3 47. Rg6 Kxg2 48. Rxg5+ Kxf3 49. Rxh5 Kg3 50. Rh8 Ra4+ 1/2-1/2

[Event "Collado Villalba op-B 34th"]
[Site "Collado Villalba"]
[Date "2017.08.25"]
[Round "4"]
[White "Mataix Fernandez, Ricardo"]
[Black "Bon Ibanez, Alejandro"]
[Result "0-1"]
[WhiteElo "1762"]
[BlackElo "1804"]
[PlyCount "106"]
[EventDate "2017.08.22"]
[EventType "swiss"]
[EventRounds "9"]
[EventCountry "ESP"]
[SourceTitle "CBM 180 Extra"]
[Source "ChessBase"]
[SourceDate "2017.10.06"]
[SourceVersion "1"]
[SourceVersionDate "2017.10.06"]
[SourceQuality "1"]

1. d4 Nf6 2. Bf4 g6 3. e3 Bg7 4. c3 d5 5. Be2 b6 6. Nd2 0-0 7. b4 a5 8. b5 c5 9. a4 Bf5 10. g4 Bc8 11. g5 Ne4 12. Nxe4 dxe4 13. h4 cxd4 14. cxd4 Nd7 15. Qc2 Bb7 16. Rd1 Rc8 17. Qb3 e6 18. h5 Bd5 19. Qb1 Re8 20. hxg6 fxg6 21. Bg4 Qe7 22. Ne2 Qa3 23. 0-0 Qxa4 24. Rc1 Bf8 25. Nc3 Qb3 26. Qxb3 Bxb3 27. Nxe4 Kf7 28. Nd2 Bc2 29. Bf3 Bd3 30. Bb7 Bxf1 31. Bxc8 Bxb5 32. Rc7 Rd8 33. Ne4 e5 34. Bxe5 Ke6 35. Nf6 Bd6 36. Nxd7 Bxd7 37. Bxd7+ Rxd7 38. d5+ Ke7 39. Bxd6+ Kxd6 40. Rc6+ Kxd5 41. Rxb6 Ra7 42. Rb3 a4 43. Ra3 Kc4 44. e4 Kb4 45. Ra1 a3 46. f4 Kc3 47. f5 gxf5 48. exf5 Kb2 49. Rf1 a2 50. Rf2+ Kb3 51. Rf1 a1Q 52. Rxa1 Rxa1+ 53. Kf2 Ra5 0-1

[Event "Collado Villalba op-B 34th"]
[Site "Collado Villalba"]
[Date "2017.08.23"]
[Round "2"]
[White "Fernandez Martinez, Luis"]
[Black "Bon Ibanez, Alejandro"]
[Result "1/2-1/2"]
[WhiteElo "1634"]
[BlackElo "1804"]
[PlyCount "73"]
[EventDate "2017.08.22"]
[EventType "swiss"]
[EventRounds "9"]
[EventCountry "ESP"]
[SourceTitle "CBM 180 Extra"]
[Source "ChessBase"]
[SourceDate "2017.10.06"]
[SourceVersion "1"]
[SourceVersionDate "2017.10.06"]
[SourceQuality "1"]

1. e4 e5 2. Nc3 Nf6 3. Bc4 Bb4 4. Nge2 0-0 5. a3 Ba5 6. 0-0 a6 7. d3 h6 8. f4 Bb6+ 9. Kh1 exf4 10. Nxf4 d6 11. Ncd5 Nbd7 12. Nxb6 Nxb6 13. Ba2 Bg4 14. Qe1 d5 15. h3 Be6 16. e5 Nh7 17. Bd2 Qd7 18. Qg3 c6 19. Nh5 g6 20. Bxh6 Rfe8 21. Nf6+ Nxf6 22. Rxf6 Bf5 23. Rf1 Kh7 24. Be3 Nc8 25. d4 Rh8 26. Rf4 Ne7 27. Qg5 Kg7 28. h4 Rh5 29. Qg3 Rah8 30. Kg1 Ng8 31. Rd6 Qe7 32. Bf2 Nh6 33. c4 Be4 34. Rdf6 Nf5 35. Qg4 Nh6 36. Qg3 Nf5 37. Qg4 1/2-1/2

[Event "Collado Villalba op-B 34th"]
[Site "Collado Villalba"]
[Date "2017.08.22"]
[Round "1"]
[White "Bon Ibanez, Alejandro"]
[Black "Olmedo Aznar, Eduardo"]
[Result "1-0"]
[WhiteElo "1804"]
[BlackElo "1542"]
[PlyCount "75"]
[EventDate "2017.08.22"]
[EventType "swiss"]
[EventRounds "9"]
[EventCountry "ESP"]
[SourceTitle "CBM 180 Extra"]
[Source "ChessBase"]
[SourceDate "2017.10.06"]
[SourceVersion "1"]
[SourceVersionDate "2017.10.06"]
[SourceQuality "1"]

1. e4 Nf6 2. e5 Nd5 3. d4 d6 4. c4 Nb6 5. Nf3 g6 6. Bf4 Bg7 7. Be2 Nc6 8. exd6 cxd6 9. 0-0 0-0 10. Qd2 Bg4 11. Na3 Re8 12. Be3 d5 13. c5 Nd7 14. Nc2 b6 15. b4 bxc5 16. bxc5 Qa5 17. Qxa5 Nxa5 18. h3 Bxf3 19. Bxf3 e6 20. Rab1 Nb8 21. Na3 Nbc6 22. Rfd1 Rab8 23. Nc2 Rxb1 24. Rxb1 Rb8 25. Rxb8+ Nxb8 26. Be2 Nbc6 27. Bb5 Kf8 28. Bd2 Ke7 29. Bc3 Kd8 30. Kf1 Kc7 31. Ke2 f6 32. Kd3 Nb7 33. Nb4 Nxb4+ 34. Bxb4 e5 35. Be8 Nd8 36. Ba5+ Kc8 37. c6 f5 38. Bd7+ 1-0